| 000 | 00955nam a22002177a 4500 | ||
|---|---|---|---|
| 008 | 230725s2023 ||||| ||||o00| 0 eng d | ||
| 110 | 2 |
_96204 _aHomes England |
|
| 245 | _aCladding Safety Scheme | ||
| 260 |
_bHomes England, _c24 July 2023 |
||
| 520 | _aGuidance for organisations taking part in the Homes England Cladding Safety Scheme to address fire risks. The Cladding Safety Scheme (CSS) is a fund that addresses fire risks associated with cladding on residential buildings.These documents include guidance on who can apply and how to apply for funding. | ||
| 520 | _aApplies to England | ||
| 650 | _aCLADDING | ||
| 650 | _aREMEDIATION | ||
| 650 | _aBUILDING SAFETY | ||
| 650 | _aFIRE SAFETY | ||
| 651 | _aEngland | ||
| 690 |
_96223 _aBuilding materials & defects |
||
| 690 |
_96222 _aBuilding control |
||
| 710 | 2 |
_96204 _aHomes England |
|
| 856 |
_uhttps://www.gov.uk/government/publications/cladding-safety-scheme _zAvailable on .gov.uk |
||
| 999 |
_c121634 _d121634 |
||